5HLuxD.jpg

KING HENRY VIII SENIOR AND PRIMARY SCHOOL LIBRARY OPAC

Sport psychology : (Record no. 357)

000 -LEADER
fixed length control field 02821cam a2200325 i 4500
001 - CONTROL NUMBER
control field 005518513
003 - CONTROL NUMBER IDENTIFIER
control field OCoLC
005 - DATE AND TIME OF LATEST TRANSACTION
control field 20190807101544.0
008 - FIXED-LENGTH DATA ELEMENTS--GENERAL INFORMATION
fixed length control field 141106t20162016enka b 001 0 eng d
015 ## - NATIONAL BIBLIOGRAPHY NUMBER
National bibliography number GBB501236
Source bnb
020 ## - INTERNATIONAL STANDARD BOOK NUMBER
International Standard Book Number 9781408172094
Qualifying information (pbk.)
035 ## - SYSTEM CONTROL NUMBER
System control number (OCoLC)899704464
040 ## - CATALOGING SOURCE
Original cataloging agency UKMGB
Language of cataloging eng
Description conventions rda
Transcribing agency UKMGB
Modifying agency OCLCO
-- OCLCF
-- YDXCP
-- BDX
-- BTCTA
-- CHVBK
-- CDX
-- OCLCQ
-- THN
-- ELW
-- OCLCQ
-- NZAUC
-- BNG
-- UKMGB
042 ## - AUTHENTICATION CODE
Authentication code nbic
082 ## - DEWEY DECIMAL CLASSIFICATION NUMBER
Classification number 796.019 COH
100 1# - MAIN ENTRY--PERSONAL NAME
Personal name Cohen, Rhonda S.,
Relator term author.
245 10 - TITLE STATEMENT
Title Sport psychology :
Remainder of title the basics /
Statement of responsibility, etc. Rhonda Cohen.
246 3# - VARYING FORM OF TITLE
Title proper/short title Optimizing human performance.
264 #1 - PRODUCTION, PUBLICATION, DISTRIBUTION, MANUFACTURE, AND COPYRIGHT NOTICE
Place of production, publication, distribution, manufacture London :
Name of producer, publisher, distributor, manufacturer Bloomsbury Sport,
Date of production, publication, distribution, manufacture, or copyright notice 2016.
264 #4 - PRODUCTION, PUBLICATION, DISTRIBUTION, MANUFACTURE, AND COPYRIGHT NOTICE
Date of production, publication, distribution, manufacture, or copyright notice ©2016.
300 ## - PHYSICAL DESCRIPTION
Extent x, 210 pages :
Other physical details illustrations ;
Dimensions 24 cm.
336 ## - CONTENT TYPE
Content type term text
Content type code txt
Source rdacontent.
337 ## - MEDIA TYPE
Media type term unmediated
Media type code n
Source rdamedia.
338 ## - CARRIER TYPE
Carrier type term volume
Carrier type code nc
Source rdacarrier.
504 ## - BIBLIOGRAPHY, ETC. NOTE
Bibliography, etc. note Includes bibliographical references and index.
505 0# - FORMATTED CONTENTS NOTE
Formatted contents note Part 1. Assessing skills. Sport psychology and assessing skills -- Part 2. Enhancing skills. Confidence and self-efficacy -- Imagery -- Concentration, attention and focus -- Mental toughness -- Part 3. Setting skills and using techniques. Goal setting and motivation -- The zone, flow and mindfulness -- Cognitive intervention: NLP and CBT -- Part 4. Stress, health and injury. Arousal and anxiety -- Stress management -- Stress and injuries -- Injury interventions -- Exercise psychology -- Part 5. Unique and individual aspects. Talent identification -- Extreme sport -- Reaction time -- Gender differences -- Part 6. Into the future. Using social media to improve and enhance sport and exercise psychology -- Considerations in using sport psychology.
520 ## - SUMMARY, ETC.
Summary, etc. Covers the key topics in sport psychology, but also addresses current issues such as talent identification, mental toughness, risk taking, NLP, reaction times, sporting injuries and social media. It contains examples for a multitude of sports from around the world, and new developing areas such as strength and conditioning, extreme sports and combat sports. Recognising the importance for students to fully understand the topic in order to apply this knowledge, the book provides a comprehensive overview of each topic before presenting practical applications in the book as well as through online resources. Each chapter focuses around answering a key question integral to this topic within sports psychology, helping students progress in their learning from the theory to the practical. Sports used as examples/case studies include: Football, rugby, tennis, squash, fencing, real tennis, drag racing, free diving, bob sleighing, slalom skiing, weight lifting, mixed martial arts, athletics (track & field), baseball, and American football.
650 #0 - SUBJECT ADDED ENTRY--TOPICAL TERM
Topical term or geographic name entry element Sports
General subdivision Psychological aspects.
942 ## - ADDED ENTRY ELEMENTS (KOHA)
Source of classification or shelving scheme
Koha item type Books - Non Ficton
Holdings
Withdrawn status Lost status Source of classification or shelving scheme Damaged status Not for loan Collection code Permanent Location Current Location Shelving location Date acquired Full call number Barcode Date last seen Price effective from Koha item type
          Non-Fiction KH8 Senior School Library KH8 Senior School Library Non Fiction 2019-08-07 796.019 COH 3KHSL000100294 2024-11-14 2019-08-07 Books - Non Ficton

Powered By KH8 IT Dept